000 00520nam a2200193 a 4500
008
020 _a0814734537 (pbk)
100 1 _aHoward, M. C.
245 1 0 _aThe political economy of Marx /
_cM. C. Howard and J. E. King.
260 _aNew York :
_bNew York University Press,
_c1985.
300 _a2nd ed.
650 1 _aEconomics
907 _a.b10079130
_b29-09-05
_c25-06-03
003
005 20230123133308.0
040 _cNUST
049 _aMAIN
942 _cBOOKS
999 _c146127
_d146127